LEADER 00875cam0-2200301---450- 001 990004793450403321 005 20110224110051.0 035 $a000479345 035 $aFED01000479345 035 $a(Aleph)000479345FED01 035 $a000479345 100 $a19990604d1940----km-y0itay50------ba 101 0 $aita 102 $aIT 105 $a--------001cy 200 1 $a<>poesia cavalleresca$epagine dantesche e manzoniane$escritti vari$fFrancesco De Sanctis 210 $aNapoli$cMorano$d1940 215 $aXVI, 458 p.$d20 cm 225 1 $aOpere complete di Francesco De Sanctis$v13 676 $a854.8 700 1$aDe Sanctis,$bFrancesco$f<1817-1883>$0293282 801 0$aIT$bUNINA$gRICA$2UNIMARC 901 $aBK 912 $a990004793450403321 952 $a801.95 DESA 9(1)$fFLFBC 959 $aFLFBC 996 $aPoesia cavalleresca$9561754 997 $aUNINA LEADER 01132nam0-2200385li-450- 001 990002833550203316 005 20061108161003.0 010 $a0-07-047983-6 035 $a000283355 035 $aUSA01000283355 035 $a(ALEPH)000283355USA01 035 $a000283355 100 $a20061108d1984----km-y0itay50------ba20001109d1985----km-y0itay0103----ba 101 0 $aeng 102 $aUS 105 $a||||||||001yy 200 1 $aHeat transfer$ea basic approach$fM. Necati Ozisik 210 $aNew York [etc.]$cMcGraw-Hill$dcopyr. 1984 215 $a549 p.$cill.$d24 cm. 315 $aaltro genere 410 0$12001 454 1$12001 461 1$1001-------$12001 517 1 $aSolutions manual to accompany heat transfer 606 0 $aCalore$xTrasmissione 676 $a621.4022 700 1$aOZISIK,$bM. Necati$0335032 801 $aSistema bibliotecario di Ateneo dell' Università di Salerno$bsalbc$gRICA 912 $a990002833550203316 951 $aFT/112$b134$cFT 959 $aBK 969 $aDIMEC 979 $aDIMEC$b90$c20061108$lUSA01$h1610 996 $aHeat Transfer$9347860 997 $aUNISA